<?xml version="1.0" encoding="UTF-8"?>
<collection xmlns="http://www.loc.gov/MARC21/slim">
 <record>
  <leader>00610pamaa2200205   4500</leader>
  <controlfield tag="001">0000022486</controlfield>
  <controlfield tag="005">20080325090000.0</controlfield>
  <datafield tag="020" ind1="0" ind2="0">
   <subfield code="a">0273626884 (pbk) </subfield>
  </datafield>
  <datafield tag="082" ind1=" " ind2=" ">
   <subfield code="a">658.5 OPE 1998</subfield>
  </datafield>
  <datafield tag="090" ind1="0" ind2="0">
   <subfield code="a">HF5415.15 </subfield>
   <subfield code="b">SLA 1998</subfield>
  </datafield>
  <datafield tag="100" ind1="1" ind2="0">
   <subfield code="a">Slack </subfield>
  </datafield>
  <datafield tag="245" ind1="0" ind2="0">
   <subfield code="a">Operations management  </subfield>
   <subfield code="c">Nigel Slack, Stuart Chambers, Robert Johnston.</subfield>
  </datafield>
  <datafield tag="250" ind1="0" ind2="0">
   <subfield code="a">2nd ed.</subfield>
  </datafield>
  <datafield tag="260" ind1="0" ind2="0">
   <subfield code="a">London: </subfield>
   <subfield code="b">Financial Times/Pitman Pub., </subfield>
   <subfield code="c">1998.</subfield>
  </datafield>
  <datafield tag="300" ind1=" " ind2=" ">
   <subfield code="a">xvii, 862p.: </subfield>
   <subfield code="b">col.ill.; </subfield>
   <subfield code="c">25cm.</subfield>
  </datafield>
  <datafield tag="650" ind1="0" ind2="0">
   <subfield code="a">Production management </subfield>
  </datafield>
  <datafield tag="700" ind1="1" ind2="1">
   <subfield code="a">Harland, </subfield>
   <subfield code="h">Christine </subfield>
  </datafield>
  <datafield tag="700" ind1="1" ind2="1">
   <subfield code="a">Harrison, </subfield>
   <subfield code="h">Alan </subfield>
  </datafield>
  <datafield tag="700" ind1="1" ind2="1">
   <subfield code="a">Johnston, </subfield>
   <subfield code="h">Robert </subfield>
  </datafield>
  <datafield tag="700" ind1="1" ind2="1">
   <subfield code="a">Chambers, </subfield>
   <subfield code="h">Stuart </subfield>
  </datafield>
 </record>
</collection>
